00641nam a22001817a 450000500170000001000150001702000270003203500130005903700130007208200160008510000150010124501720011625000110028826000310029927000840033030000250041450000200043920181205144350.0 aENG-115622 a9789351437116c1895.00 aEN-99154 bDBAD/PUB a353.5409944 aGupta,Apar aCommentary on information technology act :cby Apar Gupta ; revised by Akshay Sapre balong with rules, regulations, orders guidelines, reports and policy documents / a3rd ed aGurgaon bLexisNexisc2016 a14th Floor, Building No.10, Tower-B, DLF Cyber City, Phase-IIbGurgaon e122002 axlii,669p.c25cm(Hb) aIncludes index